| 000 | 01033cam a22003257a 4500 | ||
|---|---|---|---|
| 003 | CHAP | ||
| 005 | 20220817041314.0 | ||
| 008 | 971013s1983 r 00010 d | ||
| 010 | _a10906 | ||
| 011 | _a11878 | ||
| 035 | _a11590 | ||
| 040 | _cCHAP | ||
| 082 |
_a338.9 _bN43 |
||
| 100 | 0 | 0 |
_aMontañez, Carlos. _977745 |
| 245 | 1 | 4 |
_aLas negociaciones del hambre _b: los alimentos en el mundo |
| 260 |
_aMéxico : _bNueva Imagen, _c1983 |
||
| 300 | _a201 p. | ||
| 490 | 0 | _aSerie CEESTEM - Nueva Imagen | |
| 590 |
_aBATCH-UPD _b10 _c20130110 _lUCH01 _h0058 |
||
| 590 |
_aBATCH-UPD _b10 _c20130110 _lUCH01 _h1635 |
||
| 590 |
_aBATCH-UPD _b10 _c20130410 _lUCH01 _h1026 |
||
| 590 |
_aBATCH-UPD _b10 _c20130914 _lUCH01 _h0122 |
||
| 590 |
_aCONVERSION _b10 _c20130109 _lUCH01 _h1307 |
||
| 650 | 1 | 4 |
_aAlimentos _xAbastecimiento. |
| 650 | 1 | 4 |
_aPolítica alimentaria. _990389 |
| 830 | 0 |
_aSerie CEESTEM - Nueva Imagen _9104643 |
|
| 901 | _aBK | ||
| 942 | _cLIBRO | ||
| 949 |
_a338.9 N43 _bBC _cLIBRO _d33724002052660 _eLIBRO _gI.c/e _h111814 _i11590 _sb |
||
| 999 |
_c10906 _d10906 |
||